Online
Catalog

Problemas de la economía mundial / (Record no. 22443)

MARC details
000 -CABECERA
campo de control de longitud fija 01085nam a2200289 a 4500
001 - NÚMERO DE CONTROL
campo de control 000022946
005 - FECHA Y HORA DE LA ÚLTIMA TRANSACCIÓN
campo de control 20240604202930.0
008 - DATOS DE LONGITUD FIJA--INFORMACIÓN GENERAL
campo de control de longitud fija 101123s1969 sp r 000 0 spa d
040 ## - FUENTE DE LA CATALOGACIÓN
Centro catalogador/agencia de origen DO-SdBNP
Lengua de catalogación spa
Centro/agencia transcriptor BNPHU
041 17 - CÓDIGO DE LENGUA
Código de lengua del texto/banda sonora o título independiente spa
Código de lengua original eng
Fuente del código Código de idioma MARC
082 ## - NÚMERO DE LA CLASIFICACIÓN DECIMAL DEWEY
Número de clasificación 337
Número de documento/Ítem B154p
049 ## - FONDOS LOCALES (OCLC)
Fondos de biblioteca BNGR
100 1# - ENTRADA PRINCIPAL--NOMBRE DE PERSONA
Nombre de persona Bailey, Richard.
9 (RLIN) 47178
240 10 - TÍTULO UNIFORME
Título uniforme Problems of the world economy.
Lenguaje de la obra Español.
245 10 - MENCIÓN DE TÍTULO
Título Problemas de la economía mundial /
Mención de responsabilidad, etc. Richard Bailey ; traducción de Ana Martínez Pujana.
260 ## - PUBLICACIÓN, DISTRIBUCIÓN, ETC.
Lugar de publicación, distribución, etc. Barcelona,(España) :
Nombre del editor, distribuidor, etc. Editorial Labor,
Fecha de publicación, distribución, etc. 1969.
300 ## - DESCRIPCIÓN FÍSICA
Extensión 185, [6] p. ;
Dimensiones 20 cm.
490 1# - MENCIÓN DE SERIE
Mención de serie Nueva colección Labor
Designación de volumen o secuencia 99
534 ## - NOTA SOBRE LA VERSIÓN ORIGINAL
Encabezamiento principal del original Título original:
Mención de título del original Problems of the world economy.
500 ## - NOTA GENERAL
Nota general Incluye referencias bibliográficas : p. 179-[181].
500 ## - NOTA GENERAL
Nota general Incluye notas al pie de las páginas
650 #0 - PUNTO DE ACCESO ADICIONAL DE MATERIA--TÉRMINO DE MATERIA
Término de materia o nombre geográfico como elemento de entrada Relaciones económicas internacionales
9 (RLIN) 1067
650 #0 - PUNTO DE ACCESO ADICIONAL DE MATERIA--TÉRMINO DE MATERIA
Término de materia o nombre geográfico como elemento de entrada Política económica
9 (RLIN) 84931
650 #0 - PUNTO DE ACCESO ADICIONAL DE MATERIA--TÉRMINO DE MATERIA
Término de materia o nombre geográfico como elemento de entrada Finanzas internacionales
9 (RLIN) 7882
700 1# - PUNTO DE ACCESO ADICIONAL--NOMBRE DE PERSONA
Nombre de persona Martínez Pujana, Ana
Término indicativo de función/relación tr.
9 (RLIN) 47179
830 #0 - PUNTO DE ACCESO ADICIONAL DE SERIE-TÍTULO UNIFORME
Título uniforme Nueva colección Labor ;
Designación de volumen o secuencia 99
9 (RLIN) 47180
Holdings
Estado de retiro Estado de pérdida Restricciones de uso No para préstamo Código de colección Localización permanente Ubicación/localización actual Ubicación en estantería Fecha de adquisición Número de inventario Total de préstamos Signatura topográfica completa Código de barras Fecha visto por última vez Precio válido a partir de Tipo de ítem Koha
        Monografías: Libros y Folletos General General En catalogación 23.11.2010 LF1   337 B154p 22946-10 25.06.2020 25.06.2020 Préstamo en sala

Powered by Koha